Historia de la restauración / (Registro nro. 7361)

Detalles MARC
000 -LIDER
fixed length control field 01083nam a2200313 a 4500
001 - NÚMERO DE CONTROL
Identificador de número de control 000027557
003 - IDENTIFICACDOR DE NÚMERO DE CONTROL
control field DO-SdBNP
005 - DATE AND TIME OF LATEST TRANSACTION
control field 20180327133409.0
007 - CAMPOS FIJOS DE DESCRIPCIÓN FÍSICA
fixed length control field 000027557
008 - ELEMENTOS DE LONGITUD FIJA
fixed length control field 110401s1938 dr ac 000 0 spa d
040 ## - FUENTE DE CATALOGACIÓN
Agencia que crea de manera original el registro BPMSU
Idioma de catalogación spa
Agencia que realiza la transcripción BPMSU
082 #4 - NÚMERO DE CLASIFICACIÓN DECIMAL DE DEWEY
Classification number 972.9304
Item number A669h, 1938
100 1# - ASIENTO PRINCIPAL -- NOMBRE PERSONAL
Nombre personal Archambault, Pedro M. (María)
245 10 - MENCIÓN DE TITULO
Título Historia de la restauración /
Mención de responsabilidad Pedro M. Archambault ; prólogo Rafael Vidal.
250 ## - MENCIÓN DE EDICION
Mención de edición 2a. ed.
260 ## - PUBLICACIÓN, DISTRIBUCIÓN, ETC. (PIE DE IMPRENTA)
Lugar de publicación, distribución, etc Santo Domingo :
Nombre del editor, distribuidor, etc. Taller,
Fecha de publicación, distribución, etc 1938
300 ## - DESCRIPCIÓN FÍSICA
Extensión 323 p. :
Otros detalles físicos il., retrs. ;
Dimensiones 21 cm.
490 1# - MENCIÓN DE SERIES
Mención de serie Biblioteca taller
Volume/sequential designation 20
500 ## - NOTA GENERAL
Nota general Incluye índice analítico
504 ## - NOTA DE BIBLIOGRAFÍA, ETC.
Bibliography, etc Bibliografía : p. 313-323
534 ## - NOTA SOBRE LA VERSIÓN ORIGINAL
Frase introductoria Incluye portada de la edición publicada en:
Publicación, distribución, etc. del original París: La Libraire Technique et Economique, 1938.
651 #4 - ENCABEZAMIENTO DE MATERIA--NOMBRE GEOGRÁFICO
Nombre geográfico REPÚBLICA DOMINICANA
Subdivisión temática general HISTORIA
Subdivisión cronológica RESTAURACIÓN 1863-65
700 12 - ASIENTO SECUNDARIO -- NOMBRE PERSONAL
Nombre personal Vidal, Rafael,
Mención de responsabilidad pról.
830 #0 - ASIENTO SECUNDARIO DE SERIE--TÍTULO UNIFORME
Título uniforme Biblioteca taller ;
910 ## - VALIDACIÓN
Validación Validado. Control de calidad MFF
942 ## - ADDED ENTRY ELEMENTS (KOHA)
Source of classification or shelving scheme Dewey Decimal Classification
Koha item type Libros
945 ## - INFORMACIÓN DE PROCESAMIENTO LOCAL
Información de procesamiento local Remanejado para la BNPHU / VM
956 ## - LOCAL ELECTRONIC LOCATION AND ACCESS (OCLC)
Nombre de host VMATEO
Número de acceso 10
Información de compresión 20150908
Inicio de sesión BPMSU
Procesador de solicitud 0069
Existencias
Withdrawn status Lost status Source of classification or shelving scheme Damaged status Not for loan Collection code Home library Current library Date acquired Total Checkouts Full call number Barcode Date last seen Price effective from Koha item type
    Dewey Decimal Classification     Colección Dominicana Biblioteca Pública Metropolitana Salomé Ureña Biblioteca Pública Metropolitana Salomé Ureña 02/05/2015   972.9304 A669h, 1938 BPMSU15041130 02/05/2015 02/05/2015 Libros